| 000 | 00877nam0a2200241 4500 | ||
|---|---|---|---|
| 001 | RU\NLR\BIBL_A\012111699 | ||
| 005 | 20250623210910.0 | ||
| 010 | _910000 | ||
| 035 | _a(NLR Aleph) 012111699 | ||
| 090 |
_a13297417 _c13297417 |
||
| 100 | _a20191004d1955 |||y0rusy50 ca | ||
| 101 | 1 |
_akir _crus |
|
| 102 | _aKG | ||
| 105 | _ac z 000yy | ||
| 200 | 1 |
_aПрактика тууралу _eтаанып-билүү менен практиканын байланышы - билим менен кыймылдын байланышы жѳнүндѳ _e(Июль 1937-нчи жыл) _fМао Цзэ-Дун |
|
| 210 |
_aФрунзе _cКыргызмамбас _d1955 |
||
| 215 |
_a39,[1] c., [1] л. портр. _d18 |
||
| 541 | 1 |
_aОтносительно практики _zrus |
|
| 686 | 1 | _aА513.5 | |
| 852 |
_aNLR _bОНЛ _jКирг./2-1890 |
||
| 942 | _cBOOK | ||
| 980 | _aNB | ||